000
00325nam a2200121 a 4500
008
100917s1965|||| d
245
1
0
_a
Barón Goldring sa vracaia
100
1
_a
Dolď-Mychajlyk, Jurij
260
_b
Vydavateľstvo politickej literartúry
_a
Bratislava
_c
1965
020
_c
18
044
_a
xo
_c
SK
041
_a
slo
999
_c
10468
_d
10468